مسیم پرسنل لا / (Record no. 172811)

MARC details
000 -LEADER
fixed length control field 00541nam a22001817a 4500
005 - DATE AND TIME OF LATEST TRANSACTION
control field 20200213121051.0
010 ## - LCCN (DPL NO)
LC control number A-374682
020 ## - INTERNATIONAL STANDARD BOOK NUMBER
Terms of availability 40.00
035 ## - SYSTEM CONTROL NUMBER
System control number A-374682
037 ## - SOURCE OF ACQUISITION
Source of stock number/acquisition BPPD/Pub.
082 ## - DEWEY DECIMAL CLASSIFICATION NUMBER
Classification number 270
100 ## - MAIN ENTRY--PERSONAL NAME
Personal name ایم شفیق انصاری
245 ## - TITLE STATEMENT
Title مسیم پرسنل لا /
Statement of responsibility, etc ایم شفیق انصاری
246 ## - VARYING FORM OF TITLE
Title proper/short title Muslim Personal Law (Urdu) /
Remainder of title by M. Shafiq Ansari
260 ## - PUBLICATION, DISTRIBUTION, ETC. (IMPRINT)
Place of publication, distribution, etc Muradabad (U.P.)
Name of publisher, distributor, etc Iram Publications
Date of publication, distribution, etc 1986 ء
300 ## - PHYSICAL DESCRIPTION
Extent 220p.
Dimensions 20cm(Hb)
942 ## - ADDED ENTRY ELEMENTS (KOHA)
Source of classification or shelving scheme Dewey Decimal Classification
Item type Urdu Bks
Classification part 270
Call number suffix ا ن ص
Holdings
Withdrawn status Lost status Not for loan Collection code Home library Current library Date acquired Source of acquisition Cost, normal purchase price Full call number Barcode Copy number Cost, replacement price Koha item type
      Non-fiction Central Library Central Library 13/02/2020 BPPD/Ven. 40.00 270 ا ن ص A-374682 1 40.00 Urdu Bks

© Delhi Public Library
Hit Counter
free hit counter